[Event "Marianske Lazne IM-B2 21st"]
[Site "Marianske Lazne"]
[Date "2023.01.17"]
[Round "5"]
[White "Kantorik, Marian"]
[Black "Nasshan, Dennis"]
[Result "1/2-1/2"]
[WhiteElo "2199"]
[BlackElo "2320"]
[PlyCount "45"]
[EventDate "2023.01.14"]
[EventType "tourn"]
[EventRounds "9"]
[EventCountry "CZE"]
[SourceTitle "CBM 212 Extra"]
[Source "ChessBase"]
[SourceDate "2023.03.31"]
[SourceVersion "1"]
[SourceVersionDate "2023.03.31"]
[SourceQuality "1"]

1. d4 d5 2. c4 c6 3. Nf3 Nf6 4. Nc3 e6 5. e3 Nbd7 6. Qc2 Bd6 7. b3 0-0 8. Be2 b6 9. Bb2 Bb7 10. 0-0 Qe7 11. e4 Nxe4 12. Nxe4 dxe4 13. Qxe4 Nf6 14. Qh4 Ba3 15. Bc3 Bb4 16. Bb2 Ba3 17. Bc3 Bb4 18. Rac1 Rfd8 19. Rfd1 Bxc3 20. Rxc3 c5 21. Rcd3 Be4 22. R3d2 cxd4 23. Nxd4 1/2-1/2

[Event "Bayern-chI Bank Hofmann 23rd"]
[Site "Tegernsee"]
[Date "2019.10.31"]
[Round "6"]
[White "Nasshan, Dennis"]
[Black "Koellner, Christof"]
[Result "1-0"]
[WhiteElo "2306"]
[BlackElo "2078"]
[PlyCount "69"]
[EventDate "2019.10.26"]
[EventType "swiss"]
[EventRounds "9"]
[EventCountry "GER"]
[SourceTitle "CBM 192 Extra"]
[Source "Chessbase"]
[SourceDate "2019.11.06"]
[SourceVersion "1"]
[SourceVersionDate "2019.11.06"]
[SourceQuality "1"]

1. f4 d5 2. Nf3 Bg4 3. e3 Nc6 4. Bb5 Qd6 5. h3 Bxf3 6. Qxf3 a6 7. Ba4 0-0-0 8. d4 e6 9. 0-0 Nge7 10. Nd2 Nb8 11. c3 f5 12. Qe2 h6 13. Bc2 Nd7 14. a4 c5 15. b3 Nc6 16. Nf3 Kb8 17. Bd2 Qc7 18. Rfb1 Bd6 19. b4 c4 20. b5 Na5 21. Be1 axb5 22. Bh4 Rdg8 23. Rxb5 Ka8 24. Rab1 Nb8 25. Bd1 Nbc6 26. Qb2 Rf8 27. Bf2 Rf7 28. Ne5 Rhf8 29. Nxf7 Rxf7 30. Qe2 Na7 31. R5b2 Ba3 32. Ra2 Bf8 33. Qh5 Rd7 34. Qe8+ Qd8 35. Qxe6 1-0

[Event "Helsingor Xtracon op"]
[Site "Helsingor"]
[Date "2019.07.28"]
[Round "10"]
[White "Nasshan, Dennis"]
[Black "Kakulidis, Ellen"]
[Result "1/2-1/2"]
[WhiteElo "2314"]
[BlackElo "1998"]
[PlyCount "71"]
[EventDate "2019.07.20"]
[EventType "swiss"]
[EventRounds "10"]
[EventCountry "DEN"]
[SourceTitle "CBM 191 Extra"]
[Source "ChessBase"]
[SourceDate "2019.09.30"]
[SourceVersion "1"]
[SourceVersionDate "2019.09.30"]
[SourceQuality "1"]

1. d4 d5 2. c4 e6 3. Nf3 Nf6 4. g3 Be7 5. Bg2 0-0 6. 0-0 c6 7. Qc2 b6 8. Rd1 Nbd7 9. Bf4 Bb7 10. Ne5 Qc8 11. Nc3 Nxe5 12. dxe5 Nd7 13. cxd5 cxd5 14. e4 dxe4 15. Bxe4 Bxe4 16. Qxe4 Rd8 17. h4 Nc5 18. Rxd8+ Qxd8 19. Qf3 Qe8 20. Nb5 Rd8 21. Nc3 Nd3 22. b3 Bc5 23. Ne4 Rd5 24. Qg4 Kh8 25. Qh5 Be7 26. Rd1 Nxf4 27. gxf4 Rxd1+ 28. Qxd1 Bxh4 29. Nd6 Qe7 30. Qh5 Kg8 31. Kg2 g6 32. Qh6 Qd8 33. Ne4 Be7 34. Qh3 Qd4 35. Qf3 a6 36. Ng3 1/2-1/2

[Event "Helsingor Xtracon op"]
[Site "Helsingor"]
[Date "2019.07.26"]
[Round "8"]
[White "Nasshan, Dennis"]
[Black "Kjartansson, Gudmundur"]
[Result "0-1"]
[WhiteElo "2314"]
[BlackElo "2470"]
[PlyCount "122"]
[EventDate "2019.07.20"]
[EventType "swiss"]
[EventRounds "10"]
[EventCountry "DEN"]
[SourceTitle "CBM 191 Extra"]
[Source "ChessBase"]
[SourceDate "2019.09.30"]
[SourceVersion "1"]
[SourceVersionDate "2019.09.30"]
[SourceQuality "1"]

1. d4 d6 2. c4 e5 3. Nc3 exd4 4. Qxd4 Nc6 5. Qd2 Nf6 6. Nf3 a5 7. e3 g6 8. b3 Bg7 9. Bb2 0-0 10. Be2 Bf5 11. 0-0 Ne4 12. Nxe4 Bxe4 13. Bxg7 Kxg7 14. Qc3+ Qf6 15. Qxf6+ Kxf6 16. Nd2 Bf5 17. Bf3 a4 18. Rfc1 Ra7 19. Bxc6 bxc6 20. c5 Ra6 21. a3 axb3 22. Nxb3 Rfa8 23. Nd4 Bd7 24. h3 Ke7 25. Rc3 dxc5 26. Rxc5 Rxa3 27. Rac1 Ra1 28. Nxc6+ Kd6 29. Nd4 Rxc1+ 30. Rxc1 Ra2 31. Nb3 Ba4 32. Nd4 c5 33. Nf3 h6 34. Ne1 Bb3 35. g4 c4 36. Kg2 Kc5 37. Nd3+ Kb5 38. Ne5 Rd2 39. Nxf7 Kb4 40. Ne5 Bc2 41. Nxc4 Kxc4 42. h4 Kd3 43. Ra1 Rd1 44. Ra2 Rc1 45. h5 g5 46. Ra3+ Ke2 47. Ra2 Kd2 48. Rb2 Ke1 49. Kg3 Be4 50. Ra2 Rc6 51. f3 Bc2 52. f4 Rc3 53. fxg5 hxg5 54. Ra5 Rxe3+ 55. Kh2 Re2+ 56. Kg3 Re3+ 57. Kh2 Kf2 58. Rxg5 Be4 59. Rb5 Kf3 60. Rb8 Re1 61. g5 Kg4 0-1

[Event "Helsingor Xtracon op"]
[Site "Helsingor"]
[Date "2019.07.22"]
[Round "4"]
[White "Nasshan, Dennis"]
[Black "Svane, Rasmus"]
[Result "0-1"]
[WhiteElo "2314"]
[BlackElo "2615"]
[PlyCount "138"]
[EventDate "2019.07.20"]
[EventType "swiss"]
[EventRounds "10"]
[EventCountry "DEN"]
[SourceTitle "CBM 191 Extra"]
[Source "ChessBase"]
[SourceDate "2019.09.30"]
[SourceVersion "1"]
[SourceVersionDate "2019.09.30"]
[SourceQuality "1"]

1. d4 Nf6 2. c4 e6 3. Nf3 d5 4. g3 dxc4 5. Bg2 Bb4+ 6. Bd2 a5 7. 0-0 0-0 8. Qc2 Bxd2 9. Nbxd2 b5 10. a4 c6 11. Ne5 Nd5 12. Ne4 f6 13. Nf3 Qe7 14. Nfd2 Rd8 15. b3 cxb3 16. Nxb3 b4 17. Rfe1 Bd7 18. Nec5 Be8 19. e4 Nc3 20. Re3 e5 21. dxe5 fxe5 22. Rxc3 bxc3 23. Qxc3 Nd7 24. Nd3 c5 25. Nxa5 Nb6 26. Bf1 Nxa4 27. Qb3+ Kh8 28. Nc4 Nb6 29. Rxa8 Nxa8 30. Ncxe5 Nc7 31. Qb7 Bb5 32. Nc6 Bxc6 33. Qxc6 Ne6 34. Ne5 Nd4 35. Qb6 Rc8 36. f4 Qc7 37. Qa6 Rf8 38. Bc4 g6 39. h4 Kg7 40. Nd3 Rb8 41. Kf2 Qe7 42. e5 Nf5 43. Qc6 Qd8 44. Qf6+ Qxf6 45. exf6+ Kxf6 46. Nxc5 Rb2+ 47. Kf3 Nd4+ 48. Ke4 Nf5 49. Kf3 Rc2 50. Ne4+ Kg7 51. Bd3 Ra2 52. Nf2 Nd4+ 53. Ke3 Nf5+ 54. Kf3 h5 55. Ne4 Ra3 56. Nf2 Nh6 57. Kg2 Kf6 58. Ne4+ Kg7 59. Nf2 Rc3 60. Be2 Nf5 61. Bd3 Nh6 62. Be2 Re3 63. Bf3 Nf5 64. Ne4 Nd4 65. Ng5 Rb3 66. Kf2 Rb2+ 67. Kf1 Kf6 68. Bg2 Ne2 69. Ne4+ Kf5 0-1

[Event "Oberliga Sued W 1617"]
[Site "Germany"]
[Date "2017.02.19"]
[Round "7.1"]
[White "Winterberg, Lukas"]
[Black "Nasshan, Dennis"]
[Result "1/2-1/2"]
[WhiteElo "2375"]
[BlackElo "2302"]
[PlyCount "82"]
[EventDate "2016.09.25"]
[EventType "team-tourn"]
[EventRounds "9"]
[EventCountry "GER"]
[SourceTitle "EXT 2018"]
[Source "ChessBase"]
[SourceDate "2017.10.13"]
[SourceVersion "1"]
[SourceVersionDate "2017.10.13"]
[SourceQuality "1"]
[WhiteTeam "Heimbach Weis/Neuwied"]
[BlackTeam "Worms"]
[WhiteTeamCountry "GER"]
[BlackTeamCountry "GER"]

1. d4 d5 2. c4 c6 3. Nc3 Nf6 4. cxd5 cxd5 5. Bf4 Nc6 6. e3 Bf5 7. Qb3 Na5 8. Qa4+ Bd7 9. Qc2 e6 10. Bd3 Rc8 11. Nf3 Be7 12. 0-0 Nc6 13. a3 Nh5 14. Be5 f5 15. Rac1 Nf6 16. Bf4 Nh5 17. Bb5 0-0 18. Qe2 Nf6 19. Rc2 a6 20. Bd3 Na5 21. Ne5 Ne4 22. Bxe4 fxe4 23. Rfc1 Nb3 24. Rb1 Be8 25. Qd1 Na5 26. Rbc1 Kh8 27. Nb1 Rxc2 28. Qxc2 Nc6 29. Qb3 Na5 30. Qc3 Nc6 31. Nd2 Nxe5 32. Bxe5 Bc6 33. Nb3 Qd7 34. Nc5 Bxc5 35. Qxc5 Rf7 36. b3 h6 37. a4 Kh7 38. Qc2 Rf8 39. Qe2 Rf7 40. Qg4 Qe8 41. f4 Rd7 1/2-1/2

[Event "Bayern-chI Bank Hofmann 20th"]
[Site "Bad Wiessee"]
[Date "2016.11.02"]
[Round "5"]
[White "Brkic, Ante"]
[Black "Nasshan, Dennis"]
[Result "1-0"]
[WhiteElo "2579"]
[BlackElo "2307"]
[PlyCount "71"]
[EventDate "2016.10.29"]
[EventType "swiss"]
[EventRounds "9"]
[EventCountry "GER"]
[SourceTitle "CBM 175 Extra"]
[Source "ChessBase"]
[SourceDate "2016.12.12"]
[SourceVersion "1"]
[SourceVersionDate "2016.12.12"]
[SourceQuality "1"]

1. e4 e6 2. d4 d5 3. Nc3 Nc6 4. Nf3 Nf6 5. Bd3 Bb4 6. 0-0 Bxc3 7. exd5 Nxd4 8. bxc3 Nxf3+ 9. Qxf3 Qxd5 10. Qg3 Bd7 11. c4 Qc6 12. Be3 a6 13. Rab1 0-0-0 14. Rb3 h5 15. f3 Rdg8 16. Rfb1 h4 17. Qe1 h3 18. Rxb7 Qxb7 19. Rxb7 Kxb7 20. Qb4+ Kc8 21. g4 Bc6 22. Kf2 Kd7 23. Qd2 Kc8 24. Qa5 Kd7 25. Qd2 Kc8 26. c5 Kb7 27. Qb4+ Kc8 28. Bxa6+ Kd7 29. Bb5 Bxb5 30. Qxb5+ Ke7 31. c6 Nd5 32. Bc5+ Kf6 33. Qd3 Rd8 34. Qe4 Rhe8 35. c4 Nb6 36. f4 1-0

[Event "Goch op 27th"]
[Site "Goch"]
[Date "2016.09.01"]
[Round "1"]
[White "Nasshan, Dennis"]
[Black "Rohfleisch, Daniel"]
[Result "1-0"]
[WhiteElo "2302"]
[BlackElo "1912"]
[PlyCount "83"]
[EventDate "2016.09.01"]
[EventType "swiss"]
[EventRounds "7"]
[EventCountry "GER"]
[SourceTitle "EXT 2018"]
[Source "ChessBase"]
[SourceDate "2017.10.13"]
[SourceVersion "1"]
[SourceVersionDate "2017.10.13"]
[SourceQuality "1"]

1. d4 Nf6 2. Bg5 b6 3. Nd2 Bb7 4. Ngf3 d5 5. e3 Nbd7 6. Bd3 e6 7. Ne5 Be7 8. f4 Nxe5 9. fxe5 Ne4 10. Bxe7 Qxe7 11. Bxe4 dxe4 12. Qg4 0-0-0 13. 0-0-0 f5 14. exf6 gxf6 15. Qf4 f5 16. g4 Rhf8 17. g5 Rd5 18. Nb1 e5 19. dxe5 Qxe5 20. Rdf1 Ba6 21. Qxe5 Rxe5 22. Rf4 Rg8 23. h4 Be2 24. Rh2 Bg4 25. Nc3 Rd8 26. Rd2 Rxd2 27. Kxd2 Re6 28. Ke1 h6 29. Kf2 hxg5 30. hxg5 Rg6 31. Nxe4 Bd1 32. Rxf5 Bxc2 33. Kf3 Kb7 34. Re5 Rg8 35. Kf4 Rf8+ 36. Nf6 Bg6 37. Re7 Bb1 38. a3 Kc6 39. e4 Kd6 40. Rd7+ Kc6 41. Rd2 Ba2 42. Kf5 1-0